Computational methods in physics, chemistry and biology : an introduction (Record no. 7315)

MARC details
000 -LEADER
fixed length control field 00519 a2200181 4500
001 - CONTROL NUMBER
control field 132982
003 - CONTROL NUMBER IDENTIFIER
control field OSt
005 - DATE AND TIME OF LATEST TRANSACTION
control field 20220331121815.0
008 - FIXED-LENGTH DATA ELEMENTS--GENERAL INFORMATION
fixed length control field
020 ## - INTERNATIONAL STANDARD BOOK NUMBER
International Standard Book Number 047149562X
082 ## - DEWEY DECIMAL CLASSIFICATION NUMBER
Classification number 519.4
Item number H24C
100 1# - MAIN ENTRY--PERSONAL NAME
Personal name Harrison, Paul
245 1# - TITLE STATEMENT
Title Computational methods in physics, chemistry and biology : an introduction
Statement of responsibility, etc by Paul Harrison
260 ## - PUBLICATION, DISTRIBUTION, ETC. (IMPRINT)
Place of publication, distribution, etc Chichester
Name of publisher, distributor, etc John Wiley & Sons
Date of publication, distribution, etc 2001
300 ## - PHYSICAL DESCRIPTION
Extent 201p.
690 ## - LOCAL SUBJECT ADDED ENTRY--TOPICAL TERM (OCLC, RLIN)
Topical term or geographic name as entry element Mathematical physics; Numerical analysis
942 ## - ADDED ENTRY ELEMENTS (KOHA)
Source of classification or shelving scheme Dewey Decimal Classification
Koha item type Books
Holdings
Withdrawn status Lost status Source of classification or shelving scheme Damaged status Not for loan Collection code Home library Current library Date acquired Source of acquisition Total Checkouts Full call number Barcode Date last seen Price effective from Koha item type
    Dewey Decimal Classification     General Text Book Central University Of Rajasthan Central University Of Rajasthan 25/07/2012 PHY   519.4 H24C 10561 21/11/2024 02/09/2020 Books